00739nam a2200157Ia 4500008004100000100002500041245009600066245017200162260005300334260001800387300000800405650001500413856006100428999001900489952007300508170221s9999 xx 000 0 und d aGalina A. Kruchinina aInformation and Communication Technologies in Education as a Factor of Students Motivation  cGalina A. Kruchinina, Larisa I. Tararina, Elena E. Sokolova, Elizaveta V. Limarova, Isita V. Muskhanova, Shavadi M. Arsaliyev, Fatima U. Bazayeva, Nataliya P. Tagirova bInternational Review of Management and Marketing cFebruary 2014 a3:1 xMarketing. uhttp://www.econjournals.com/index.php/irmm/issue/view/71 c310203d310203 001040aCLbCLd2017-02-21l0r2017-02-21 00:00:00w2017-02-21yFOJ